Größte Stadt beginnend mit U in Diesem Land - Statistiken

Allgemein
  • Dieses Quiz wurde 248 mal gespielt
  • Das Durchschnittsergebnis liegt bei 5 aus 10
Antwortstatistiken
Land U Stadt % Korrekt
Mongolei Ulaanbaatar
92%
Deutschland Ulm
89%
Niederlande Utrecht
87%
Schweden Uppsala
71%
Italien Udine
67%
Russland Ufa
45%
China Ürümqi
19%
Thailand Udon Thani
3%
Iran Urmia
1%
Japan Utsunomiya
0%
Keine übereinstimmenden Quizze gefunden
Verteilung der Resultate
Anzahl Personen mit jedem Resultat
Perzentil nach korrekt beantworteten Fragen
Ihre Resultats-Entwicklung
Sie haben dieses Quiz noch nicht gespielt